[Event "ITA-ch U20"]
[Site "Bratto"]
[Date "2008.08.27"]
[Round "6"]
[White "Pomaro, Alberto"]
[Black "Bonafede, Alessandro"]
[Result "0-1"]
[WhiteElo "2246"]
[BlackElo "2329"]
[PlyCount "82"]
[EventDate "2008.08.22"]
[EventType "swiss"]
[EventRounds "9"]
[EventCountry "ITA"]
[SourceTitle "CBM 126 Extra"]
[Source "ChessBase"]
[SourceDate "2008.11.05"]
[SourceVersion "1"]
[SourceVersionDate "2008.11.05"]
[SourceQuality "1"]

1. e4 c5 2. Nf3 Nc6 3. Bb5 g6 4. Bxc6 dxc6 5. h3 Bg7 6. d3 Nf6 7. Nc3 Nd7 8. Be3 e5 9. Qd2 Qe7 10. Bh6 f6 11. 0-0 Nf8 12. Nh2 Ne6 13. Ne2 g5 14. Bxg7 Nxg7 15. c3 0-0 16. Qe3 Nh5 17. d4 Nf4 18. dxc5 Be6 19. Ng3 Rad8 20. Rfd1 Rxd1+ 21. Rxd1 Rd8 22. Rxd8+ Qxd8 23. a3 Qd1+ 24. Nhf1 h5 25. Qd2 Qb1 26. f3 h4 27. Ne2 Kg7 28. Nxf4 gxf4 29. Kf2 Bc4 30. Nh2 Kg6 31. b4 Bd3 32. Qe1 Qb2+ 33. Kg1 Qxa3 34. Ng4 Kg5 35. Qd2 Qa1+ 36. Kh2 Qb1 37. Nf2 Qc2 38. Qxd3 Qxf2 39. Qd8 Qg3+ 40. Kg1 Qe1+ 41. Kh2 Qg3+ 0-1